Catálogo de documentos históricos de la Biblioteca Postal /

-д хадгалсан:
Номзүйн дэлгэрэнгүй
Формат: Ном
Хэл сонгох:испани
Нөхцлүүд:
Шошгууд: Шошго нэмэх
Шошго байхгүй, Энэхүү баримтыг шошголох эхний хүн болох!

MARC

LEADER 00000nam^a2200000^a^4500
001 000111497
005 20250521000000.0
009 20260310093833.478
037 |a Acervo ITESO - Biblioteca 
041 |a ESP 
082 |a 972. 0016  |b CAT 
245 1 0 |a Catálogo de documentos históricos de la Biblioteca Postal /  |c Dirección General de Correos. 
264 |a México :  |b Dirección General de Correos, Oficina de Museo y Biblioteca,  |c 1954 
300 |a 110 p. 
336 |a texto  |b txt  |2 rdacontenido 
337 |a sin mediación  |b n  |2 rdamedio 
338 |a volumen  |b nc  |2 rdasoporte 
649 |a XX 
650 |a Catálogos de Bibliotecas 
650 |a México -  |x Historia -  |x Catálogos 
650 |a México -  |x Historia -  |x Documentos 
650 |a Servicio Postal -  |z México -  |x Catálogos 
910 |a Fondo Salvador Reynoso Reynoso 
920 |a Impresos - Libros 
930 |a Fondos Especiales 
905 |a 112 
901 |a 0800000737  |b IT2  |c ESP  |u 20250521 
902 |a https://opac.biblio.iteso.mx/vufind/Record/000111497